| 000 | 01334nam a22002897a 4500 | ||
|---|---|---|---|
| 999 |
_c115290 _d115290 |
||
| 003 | dpl | ||
| 005 | 20180919140951.0 | ||
| 008 | 180919b ||||| |||| 00| 0 eng d | ||
| 010 | _aA-611514 | ||
| 020 | _c85.00 | ||
| 035 | _aA-611514, A-611523 | ||
| 037 |
_bCen Lib/Ret _a8190379607 |
||
| 040 |
_aDPL _bHN _c0 |
||
| 082 |
_aउ _bमुखोपा |
||
| 100 |
_aमुखोपाध्याय, आशुतोष _947612 |
||
| 245 |
_aसब्ज़ तोरण के उस पार / _cआशुतोष मुखोपाध्याय ; अनुवादक मामता खरे |
||
| 246 |
_aPSabz toran ke us paar / _bby Ashutosh Mukhopadhyaya ; anuvadak Mamta Khare |
||
| 260 |
_aनई दिल्ली _bभारतीय ज्ञानपीठ प्रकाशन _c1992 |
||
| 270 |
_a18, इंस्टीटूश्नल एरिया, लोदी रोड _bनई दिल्ली _e110003 |
||
| 300 |
_a215पृ. _c19सेमी(सजिल्द ) |
||
| 650 |
_aबांग्ला साहित्य _x _z _945844 |
||
| 650 |
_aबांग्ला उपन्यास _9442 |
||
| 650 |
_aBangla literature _v _956119 |
||
| 650 |
_aBangla fiction _956120 |
||
| 700 |
_aखरे, ममता _92233 |
||
| 942 |
_2ddc _cHN _hउ _mमुखोपा |
||